Natural disasters / (Record no. 27310)

000 -LEADER
fixed length control field 01756cam a2200325 a 4500
001 - CONTROL NUMBER
control field 15112668
003 - CONTROL NUMBER IDENTIFIER
control field OSt
005 - DATE AND TIME OF LATEST TRANSACTION
control field 20170208093450.0
008 - FIXED-LENGTH DATA ELEMENTS--GENERAL INFORMATION
fixed length control field 071213s2008 nyuaf b 001 0 eng
010 ## - LIBRARY OF CONGRESS CONTROL NUMBER
LC control number 2007050846
020 ## - INTERNATIONAL STANDARD BOOK NUMBER
International Standard Book Number 9780816070008
020 ## - INTERNATIONAL STANDARD BOOK NUMBER
International Standard Book Number 0816070008
035 ## - SYSTEM CONTROL NUMBER
System control number (OCoLC)ocn183928654
040 ## - CATALOGING SOURCE
Original cataloging agency DLC
Transcribing agency DLC
Modifying agency BAKER
-- BTCTA
-- YDXCP
-- C#P
-- BWX
-- ZJI
-- CQU
-- B@L
-- DLC
050 00 - LIBRARY OF CONGRESS CALL NUMBER
Classification number GB5014
Item number .D38 2008
082 00 - DEWEY DECIMAL CLASSIFICATION NUMBER
Classification number 904/.5
Edition number 22
100 1# - MAIN ENTRY--PERSONAL NAME
Personal name Davis, Lee
Fuller form of name (Lee Allyn)
245 10 - TITLE STATEMENT
Title Natural disasters /
Statement of responsibility, etc. Lee Davis.
250 ## - EDITION STATEMENT
Edition statement New ed.
260 ## - PUBLICATION, DISTRIBUTION, ETC. (IMPRINT)
Place of publication, distribution, etc. New York :
Name of publisher, distributor, etc. Facts On File,
Date of publication, distribution, etc. c2008.
300 ## - PHYSICAL DESCRIPTION
Extent xvi, 464 p., 8 p. of plates :
Other physical details ill. (some col.) ;
Dimensions 29 cm.
440 #0 - SERIES STATEMENT/ADDED ENTRY--TITLE
Title Facts on File science library
504 ## - BIBLIOGRAPHY, ETC. NOTE
Bibliography, etc Includes bibliographical references (p. 425-432) and index.
505 0# - FORMATTED CONTENTS NOTE
Formatted contents note Avalanches and landslides -- Earthquakes -- Famines and droughts -- Floods -- Plagues and epidemics -- Cyclones -- Hurricanes -- Icestorms and snowstorms -- Tornadoes -- Storms -- Typhoons -- Volcanic eruptions and natural explosions.
520 ## - SUMMARY, ETC.
Summary, etc. Discusses more than five hundred natural calamities that have devastated humanity and changed history, including hurricanes, earthquakes, famines and droughts, floods, plagues and epidemics, and volcanic eruptions. Simultaneous.
650 #0 - SUBJECT ADDED ENTRY--TOPICAL TERM
Topical term or geographic name as entry element Natural disasters.
856 41 - ELECTRONIC LOCATION AND ACCESS
Materials specified Table of contents only
Uniform Resource Identifier <a href="http://www.loc.gov/catdir/toc/ecip086/2007050846.html">http://www.loc.gov/catdir/toc/ecip086/2007050846.html</a>
906 ## - LOCAL DATA ELEMENT F, LDF (RLIN)
a 7
b cbc
c orignew
d 1
e ecip
f 20
g y-gencatlg
942 ## - ADDED ENTRY ELEMENTS (KOHA)
Source of classification or shelving scheme
Koha item type Hard Covered Materials
Classification part GB 5014 .D38 2008
Holdings
Withdrawn status Lost status Source of classification or shelving scheme Damaged status Not for loan Home library Current library Shelving location Date acquired Source of acquisition Total Checkouts Full call number Barcode Date last seen Price effective from Koha item type
          MACHAKOS UNIVERSITY LIBRARY MACHAKOS UNIVERSITY LIBRARY Technical section 08/02/2017 Donation(B.F.A)   GB 5014 .D38 2008 34702 07/08/2018 08/02/2017 Hard Covered Materials
© Machakos University Library, Along The Highway, Machakos Wote Rd, Machakos, Kenya P.O. Box 136 - 90100 Machakos - Kenya

Tel: ( +254 ) 723 805829 OR Fax : 044-20353 OR Email: library@mksu.ac.ke